[Event "Victoria op"]
[Site "Melbourne"]
[Date "2018.06.10"]
[Round "4"]
[White "Dragicevic, Domagoj"]
[Black "Dai, Cheng"]
[Result "1-0"]
[WhiteElo "2233"]
[BlackElo "1770"]
[PlyCount "65"]
[EventDate "2018.06.08"]
[EventType "swiss"]
[EventRounds "7"]
[EventCountry "AUS"]
[SourceTitle "CBM 184 Extra"]
[Source "ChessBase"]
[SourceDate "2018.06.28"]
[SourceVersion "1"]
[SourceVersionDate "2018.06.28"]
[SourceQuality "1"]

1. e4 c5 2. Nf3 Nc6 3. d4 cxd4 4. Nxd4 Nf6 5. Nc3 g6 6. Be3 Bg7 7. Bc4 0-0 8. Bb3 d6 9. f3 Bd7 10. Qd2 Rc8 11. 0-0-0 Ne5 12. Kb1 a6 13. h4 h5 14. g4 Nc4 15. Bxc4 Rxc4 16. gxh5 Nxh5 17. Rdg1 b5 18. Nf5 Bxf5 19. exf5 Bxc3 20. bxc3 Kh7 21. Qd3 Rg8 22. Rg5 Nf6 23. fxg6+ fxg6 24. h5 Kg7 25. Rxg6+ Kf7 26. Rhg1 Rxg6 27. Qxg6+ Ke6 28. Bd4 b4 29. Re1+ Kd7 30. Qf7 Rxc3 31. Bxf6 Rxf3 32. Rxe7+ Kc6 33. Qc4+ 1-0